Calculus of variations and optimal control theory : (Record no. 593980)

000 -LEADER
fixed length control field 01924cam a22004457a 4500
001 - CONTROL NUMBER
control field 16899712
005 - DATE AND TIME OF LATEST TRANSACTION
control field 20230321150335.0
008 - FIXED-LENGTH DATA ELEMENTS--GENERAL INFORMATION
fixed length control field 110802s2012 njua b 001 0 eng d
010 ## - LIBRARY OF CONGRESS CONTROL NUMBER
LC control number 2011935625
015 ## - NATIONAL BIBLIOGRAPHY NUMBER
National bibliography number GBB1D9384
Source bnb
016 7# - NATIONAL BIBLIOGRAPHIC AGENCY CONTROL NUMBER
Record control number 015986239
Source Uk
020 ## - INTERNATIONAL STANDARD BOOK NUMBER
International Standard Book Number 9780691151878
020 ## - INTERNATIONAL STANDARD BOOK NUMBER
International Standard Book Number 0691151873
035 ## - SYSTEM CONTROL NUMBER
System control number (OCoLC)ocn772627669
040 ## - CATALOGING SOURCE
Original cataloging agency UIU
Language of cataloging eng
Transcribing agency UIU
Modifying agency BTCTA
-- UKMGB
-- COO
-- YDXCP
-- CDX
-- BDX
-- BWX
-- IUL
-- DEBBG
-- NBU
-- MUU
-- NLE
-- CUD
-- CUY
-- OCLCF
-- DLC
042 ## - AUTHENTICATION CODE
Authentication code lccopycat
050 00 - LIBRARY OF CONGRESS CALL NUMBER
Classification number QA315
Item number .L54 2012
082 04 - DEWEY DECIMAL CLASSIFICATION NUMBER
Classification number 515.64
Edition number 23
Author Mark LIB
084 ## - OTHER CLASSIFICATION NUMBER
Classification number SK 660
Number source rvk
084 ## - OTHER CLASSIFICATION NUMBER
Classification number MAT 490f
Number source stub
100 1# - MAIN ENTRY--PERSONAL NAME
Personal name Liberzon, Daniel,
Dates associated with a name 1973-
9 (RLIN) 110950
245 10 - TITLE STATEMENT
Title Calculus of variations and optimal control theory :
Remainder of title a concise introduction /
Statement of responsibility, etc. Daniel Liberzon.
260 ## - PUBLICATION, DISTRIBUTION, ETC.
Place of publication, distribution, etc. Princeton ;
-- Oxford :
Name of publisher, distributor, etc. Princeton University Press,
Date of publication, distribution, etc. c2012.
300 ## - PHYSICAL DESCRIPTION
Extent xv, 235 p. :
Other physical details ill. ;
Dimensions 27 cm.
504 ## - BIBLIOGRAPHY, ETC. NOTE
Bibliography, etc. note Includes bibliographical references (p. 225-230) and index.
505 0# - FORMATTED CONTENTS NOTE
Formatted contents note 1. Introduction -- 2. Calculus of variations -- 3. From calculus of variations to optimal control -- 4. The maximum principle -- 5. The Hamilton-Jacobi-Bellman equation -- 6. The linear quadratic regulator -- 7. Advanced topics.
650 #0 - SUBJECT ADDED ENTRY--TOPICAL TERM
Topical term or geographic name entry element Calculus of variations.
9 (RLIN) 99187
650 #0 - SUBJECT ADDED ENTRY--TOPICAL TERM
Topical term or geographic name entry element Control theory.
650 #7 - SUBJECT ADDED ENTRY--TOPICAL TERM
Topical term or geographic name entry element Calculus of variations.
Source of heading or term fast
9 (RLIN) 99187
650 #7 - SUBJECT ADDED ENTRY--TOPICAL TERM
Topical term or geographic name entry element Control theory.
Source of heading or term fast
9 (RLIN) 110951
650 07 - SUBJECT ADDED ENTRY--TOPICAL TERM
Topical term or geographic name entry element Optimale Kontrolle.
Source of heading or term gnd
9 (RLIN) 110952
650 07 - SUBJECT ADDED ENTRY--TOPICAL TERM
Topical term or geographic name entry element Variationsrechnung.
Source of heading or term gnd
9 (RLIN) 110953
655 #4 - INDEX TERM--GENRE/FORM
Genre/form data or focus term Lehrbuch.
856 42 - ELECTRONIC LOCATION AND ACCESS
Materials specified Contributor biographical information
Uniform Resource Identifier <a href="http://www.loc.gov/catdir/enhancements/fy1409/2011935625-b.html">http://www.loc.gov/catdir/enhancements/fy1409/2011935625-b.html</a>
856 42 - ELECTRONIC LOCATION AND ACCESS
Materials specified Publisher description
Uniform Resource Identifier <a href="http://www.loc.gov/catdir/enhancements/fy1409/2011935625-d.html">http://www.loc.gov/catdir/enhancements/fy1409/2011935625-d.html</a>
906 ## - LOCAL DATA ELEMENT F, LDF (RLIN)
a 7
b cbc
c copycat
d 2
e epcn
f 20
g y-gencatlg
942 ## - ADDED ENTRY ELEMENTS (KOHA)
Source of classification or shelving scheme
Koha item type Book
Holdings
Withdrawn status Lost status Source of classification or shelving scheme Damaged status Not for loan Permanent Location Current Location Shelving location Date acquired Full call number Barcode Date last seen Price effective from Koha item type
          School of Mechanical & Manufacturing Engineering (SMME) School of Mechanical & Manufacturing Engineering (SMME) Aerospace Engineering 03/21/2023 515.64 LIB SMME-4189 03/21/2023 03/21/2023 Book
© 2023 Central Library, National University of Sciences and Technology. All Rights Reserved.